Jesús íntimo: elevaciones dogmáticas

Salvato in:
Dettagli Bibliografici
Autore principale: Sauvé, Carlos (Autore)
Natura: Libro
Lingua:spagnolo
Pubblicazione: Barcelona Librería Religiosa 1914
Edizione:1a. ed
Soggetti:
Tags: Aggiungi Tag
Nessun Tag, puoi essere il primo ad aggiungerne!!

MARC

LEADER 00000cam a2200000 a 4500
001 UCD1605
003 CL-VaPUC
008 160316e19140000sp |||||||||||||||||spa|d
082 0 4 |a 231.901  |b SAU  |2 21 
100 0 |a Sauvé, Carlos  |e author  |9 584721 
245 1 0 |a Jesús íntimo: elevaciones dogmáticas 
250 |a 1a. ed 
300 |a v 
942 |c BK 
945 |d 20160316 17:23:00  |a dcastane 
260 |a Barcelona  |b Librería Religiosa  |c 1914 
500 |a v.1: Jesús íntimo 
500 |a v.2: el corazón de Jesús. Segunda parte de Jesús íntimo 
500 |a v.3: la intimidad de Dios: Tercera parte de Jesús íntimo 
650 0 |a Vida de Jesús  |9 478097 
650 0 |a Cristología   |9 315091 
583 |a last modification  |c 20160316 17:23:00  |k Rodrigo Vera 
999 |c 362876  |d 362874 
952 |0 0  |1 0  |3 erd  |4 0  |6 231_901000000000000_SAU_1914  |7 0  |8 P  |9 474439  |a BIBTEO  |b BIBTES  |c TEO_FTES  |h v.1  |i 527690K  |o 231.901 SAU 1914  |p 527690K  |r 2024-01-18  |w 2019-11-24  |y BK  |z Catalogado en:20160316  |k ICR 
952 |0 0  |1 0  |3 erd  |4 0  |6 231_901000000000000_SAU_1914  |7 0  |8 P  |9 474440  |a BIBTEO  |b BIBTES  |c TEO_FTES  |h v.2  |i 5276918  |o 231.901 SAU 1914  |p 5276918  |r 2024-01-18  |w 2019-11-24  |y BK  |z Catalogado en:20160316  |k ICR 
952 |0 0  |1 0  |3 erd  |4 0  |6 231_901000000000000_SAU_1914  |7 0  |8 P  |9 474441  |a BIBTEO  |b BIBTES  |c TEO_FTES  |h v.3  |i 5276926  |o 231.901 SAU 1914  |p 5276926  |r 2024-01-18  |w 2019-11-24  |y BK  |z Catalogado en:20160316  |k ICR